| 000 -LEADER |
| fixed length control field |
01536cam a2200373 i 4500 |
| 001 - CONTROL NUMBER |
| control field |
11640009 |
| 003 - CONTROL NUMBER IDENTIFIER |
| control field |
USPCAS-E |
| 005 - DATE AND TIME OF LATEST TRANSACTION |
| control field |
20180118181420.0 |
| 006 - FIXED-LENGTH DATA ELEMENTS--ADDITIONAL MATERIAL CHARACTERISTICS |
| fixed length control field |
m d |
| 007 - PHYSICAL DESCRIPTION FIXED FIELD--GENERAL INFORMATION |
| fixed length control field |
cr n |
| 008 - FIXED-LENGTH DATA ELEMENTS--GENERAL INFORMATION |
| fixed length control field |
150212t20152015ne a sb 001 0 eng d |
| 020 ## - INTERNATIONAL STANDARD BOOK NUMBER |
| International Standard Book Number |
9780444632890 |
| 020 ## - INTERNATIONAL STANDARD BOOK NUMBER |
| International Standard Book Number |
9780444632906 |
| 035 ## - SYSTEM CONTROL NUMBER |
| System control number |
(WaSeSS)ssj0001436147 |
| 040 ## - CATALOGING SOURCE |
| Original cataloging agency |
CaPaEBR |
| Language of cataloging |
eng |
| Description conventions |
rda |
| -- |
pn |
| Transcribing agency |
CaPaEBR |
| Modifying agency |
WaSeSS |
| 050 #4 - LIBRARY OF CONGRESS CALL NUMBER |
| Classification number |
TP248.B55 |
| Item number |
.R434 2015eb |
| 082 04 - DEWEY DECIMAL CLASSIFICATION NUMBER |
| Classification number |
662.88 |
| Edition number |
23 |
| Author Mark |
REC 2015 |
| 210 10 - ABBREVIATED TITLE |
| Abbreviated title |
Recent advances in thermochemical conversion of biomass / |
| 245 00 - TITLE STATEMENT |
| Title |
Recent advances in thermochemical conversion of biomass / |
| Statement of responsibility, etc. |
edited by Ashok Pandey [and three others] ; contributors Ajay K. Arora [and forty one others]. |
| 502 ## - DISSERTATION NOTE |
| Dissertation note |
. |
| 504 ## - BIBLIOGRAPHY, ETC. NOTE |
| Bibliography, etc. note |
Includes bibliographical references at the end of each chapters and index. |
| 506 ## - RESTRICTIONS ON ACCESS NOTE |
| Terms governing access |
License restrictions may limit access. |
| 650 #0 - SUBJECT ADDED ENTRY--TOPICAL TERM |
| Topical term or geographic name entry element |
Biomass conversion. |
| 650 #0 - SUBJECT ADDED ENTRY--TOPICAL TERM |
| Topical term or geographic name entry element |
Biomass energy. |
| 650 #0 - SUBJECT ADDED ENTRY--TOPICAL TERM |
| Topical term or geographic name entry element |
Thermochemistry. |
| 655 #0 - INDEX TERM--GENRE/FORM |
| Genre/form data or focus term |
Electronic books. |
| 700 1# - ADDED ENTRY--PERSONAL NAME |
| Personal name |
Pandey, Ashok, |
| Relator term |
editor. |
| 700 1# - ADDED ENTRY--PERSONAL NAME |
| Personal name |
Arora, Ajay K., |
| Relator term |
contributor. |
| 773 #0 - HOST ITEM ENTRY |
| Title |
eBook - Chemical Engineering 2015 [EBCCE15] |
| 776 08 - ADDITIONAL PHYSICAL FORM ENTRY |
| Relationship information |
Print version: |
| Title |
Recent advances in thermochemical conversion of biomass. |
| Place, publisher, and date of publication |
Amsterdam, Netherlands : Elsevier, c2015 |
| Physical description |
xii, 491 pages |
| International Standard Book Number |
9780444632890 |
| 856 40 - ELECTRONIC LOCATION AND ACCESS |
| Uniform Resource Identifier |
<a href="http://www.columbia.edu/cgi-bin/cul/resolve?clio11640009">http://www.columbia.edu/cgi-bin/cul/resolve?clio11640009</a> |
| Public note |
Full text available from eBook - Chemical Engineering 2015 [EBCCE15] |
| 910 ## - USER-OPTION DATA (OCLC) |
| User-option data |
Vendor-generated brief record |
| 942 ## - ADDED ENTRY ELEMENTS (KOHA) |
| Source of classification or shelving scheme |
|
| Koha item type |
Book |